Normal view MARC view
  • Arslan Mazhar (00000277667)

Entry Personal Name

Number of records used in: 1

001 - CONTROL NUMBER

  • control field: 116560

003 - CONTROL NUMBER IDENTIFIER

  • control field: NUST

005 - DATE AND TIME OF LATEST TRANSACTION

  • control field: 20230912170007.0

008 - FIXED-LENGTH DATA ELEMENTS

  • fixed length control field: 230912|| aca||aabn | a|a d

040 ## - CATALOGING SOURCE

  • Original cataloging agency: NUST
  • Transcribing agency: NUST

100 ## - HEADING--PERSONAL NAME

  • Personal name: Arslan Mazhar (00000277667)

670 ## - SOURCE DATA FOUND

  • Source citation: Work cat.: (NUST): Arslan Mazhar (00000277667), Performance Analysis of TiO2 Modified Co/MgAl2O4 Catalyst for Dry Reforming of Methane in a Fixed Bed Reactor /, 2021
© 2023 Central Library, National University of Sciences and Technology. All Rights Reserved.